Biotechnology and biodegradation /
Guardado en:
| Autor Corporativo: | |
|---|---|
| Otros Autores: | , , |
| Formato: | Libro |
| Idioma: | English |
| Publicado: |
Woodlands, Tex. : Houston :
Portfolio Pub. Co. ; Gulf Pub. Co.,
c1989.
|
| Series: | Advances in applied biotechnology series ;
v. 4 |
| Etiquetas: |
Agregar Etiqueta
Sin Etiquetas, Sea el primero en etiquetar este registro!
|
| LEADER | 01075cam a2200253 a 4500 | ||
|---|---|---|---|
| 001 | EEA.libagro010218 | ||
| 005 | 20181114103756.0 | ||
| 008 | 891006s1989####txua#####b####101#0#eng## | ||
| 010 | |a 89025490 | ||
| 020 | |a 0943255082 | ||
| 040 | |a DLC |c DLC |d DLC | ||
| 050 | 0 | 0 | |a TD192.5 |b .B56 1989 |
| 082 | 0 | 0 | |a 628.4 |
| 245 | 0 | 0 | |a Biotechnology and biodegradation / |c editors, Daphne Kamely, Ananda Chakrabarty, Gilbert Omenn. |
| 260 | |a Woodlands, Tex. : |b Portfolio Pub. Co. ; |a Houston : |b Gulf Pub. Co., |c c1989. | ||
| 300 | |a xxiii, 504 p. : |b il. ; |c 24 cm. | ||
| 440 | 0 | |a Advances in applied biotechnology series ; |v v. 4 | |
| 500 | |a Papers presented at the International Workshop on Biotechnology and Biodegradation, held in Lisbon, Portugal, June 1989. | ||
| 504 | |a Incluye referencias bibliográficas e índice. | ||
| 700 | 1 | |a Kamely, Daphne. | |
| 700 | 1 | |a Chakrabarty, Ananda M., |d 1938- | |
| 700 | 1 | |a Omenn, Gilbert S. | |
| 711 | 2 | |a International Workshop on Biotechnology and Biodegradation |d (1989 : |c Lisbon, Portugal) | |
| 859 | |a AR-BbBCA |b BIB. AGRONOMIA |h 628.4 |i K15 |p 1991/1755 | ||
